书目信息 |
| 题名: |
生物活性天然物质
|
|
| 作者: | 柴田承二 著 ;杨本文 译 | |
| 分册: | ||
| 出版信息: | 北京 人民卫生出版社 1984 |
|
| 页数: | 552页 | |
| 开本: | 25cm | |
| 丛书名: | ||
| 单 册: | ||
| 中图分类: | Q10 | |
| 科图分类: | ||
| 主题词: | 生命起源 | |
| 电子资源: | ||
| ISBN: | ||
| 000 | 00664nam0 2200241 45 | |
| 001 | 0184009744 | |
| 005 | 20061123090920.70 | |
| 010 | @dCNY3.70 | |
| 091 | @aCN@b14048.4177 | |
| 100 | @a19950421d1984 em y0chiy0121 ea | |
| 101 | 1 | @achi@cjpn |
| 102 | @aCN@b110000 | |
| 105 | @ay z 000yy | |
| 200 | 10 | @a生物活性天然物质@Asheng wu huo xing tian ran wu zhi@f(日)柴田承二等编@g杨本文译 |
| 210 | @a北京@c人民卫生出版社@d1984 | |
| 215 | @a552页@d25cm | |
| 606 | @a生命起源 | |
| 690 | @aQ10@v3 | |
| 701 | 0 | @a柴田承二@Achai tian cheng er@4著 |
| 702 | 0 | @a杨本文@Ayang ben wen@4译 |
| 801 | 2 | @aCN@bNLC@c20061123 |
| 801 | 0 | @aCN@bTSSF |
| 905 | @a10447@dQ10@e15 | |
| 生物活性天然物质/(日)柴田承二等编/杨本文译.-北京:人民卫生出版社,1984 |
| 552页;25cm |
| ISBN :CNY3.70 |
| ● |
| 相关链接 |
|
|
|
|
正题名:生物活性天然物质
索取号:Q10/15
 
预约/预借
| 序号 | 登录号 | 条形码 | 馆藏地/架位号 | 状态 | 备注 |
| 1 | 0139542 | 202106960 | 第二样本阅览室/ [索取号:Q10/15] | 在馆 |